| 000 | 02234cac a2200229 a 4500 | ||
|---|---|---|---|
| 003 | CO-PeBPM | ||
| 005 | 20250723103207.0 | ||
| 008 | 231129s1978||||ck a||||||||||||| ||spa|| | ||
| 020 | _a8427111118 | ||
| 040 |
_aCO-PeBPM _bspa _cCO-PeBPM _erda |
||
| 041 | _aspa | ||
| 082 | 0 | 4 |
_a153.4 G581d _222 |
| 100 | 1 |
_aGodefroy, Christian H. _eautor |
|
| 245 | 1 | 0 |
_aLa dinámica mental _b: El desarrollo de las facultades paranormales _c/ Christian H. Godefroy; traducción José Ma. Rotaeche |
| 260 |
_aBilbao, España _b: Ediciones Mensajero _c, 1978 |
||
| 300 |
_a22 páginas _bilustraciones en blanco y negro _c22 centímetros |
||
| 500 | _aIncluye índice | ||
| 500 | _aContiene datos biográficos del autor en la solapa del texto | ||
| 520 | _aLa mayoría de nosotros hemos perdido contacto con nuestros poderes psíquicos. La vida moderna, la civilización mecánica, el desarrollo de un saber racional y lógico los han eclipsado. Sin embargo, todos poseemos facultades paranormales y todos tenemos a nuestro alcance recursos para desarrollarlos. Gracias a setenta a∞nos de investigaciones y a la acumulación de pruebas irrefutables, la joven parapsicología pierde hoy su anterior olor a azufre para convertirse en una ciencia. Christina Godefroy ha introducido en Francia un método de autorrealización inspirado en la sofrología y en el entrenamiento autógeno de Schultz, al que denomina « dinámica mental » y que permite a quienes lo desean sacar un mayor partido de ellos mismos, acceder al « ritmo alfa », aquél en que nuestro cerebro libera sus facultades de intuición, clarividencia, telepatía, etc. Entrenados en la dinámica mental podemos sentir el estado físico y moral de nuestros semejantes, y ayudarles; podemos mejorar nuestra conducta habitual y perder cierto número de nuestros hábitos perniciosos : tomar somníferos, fumar, beber en exceso, etc. Podemos ciertamente mejorar nuestro equilibrio, adquirir una memoria más fiel, una creatividad más rica, una concentración más eficaz. De un modo notable podemos desarrollar todo un potencial que conservamos sin emplear. | ||
| 942 |
_2ddc _cBKS |
||
| 999 |
_c16862 _d16862 |
||